El invisible ó Los bandidos de Toledo (Record no. 160380)

MARC details
000 -LEADER
campo de control de longitud fija 00837nam a22002055i 4500
001 - NÚMERO DE CONTROL
campo de control 160380
003 - IDENTIFICADOR DE NÚMERO DE CONTROL
campo de control ES-MaACL
005 - FECHA Y HORA DE LA ÚLTIMA TRANSACCIÓN
campo de control 20251115063312.0
008 - DATOS DE LONGITUD FIJA--INFORMACIÓN GENERAL
campo de control de longitud fija 040923q18691878sp |||| | spa d
040 ## - FUENTE DE CATALOGACIÓN
Centro catalogador/agencia de origen CAM
Lengua de catalogación spa
Centro/agencia transcriptor CAM
100 1# - ENTRADA PRINCIPAL--NOMBRE DE PERSONA
Nombre de persona San Javier, José Muñoz y Gaviria,
Títulos y otros términos asociados al nombre Vizconde de,
Fechas asociadas al nombre n. 1831
9 (RLIN) 153514
245 13 - MENCIÓN DEL TÍTULO
Título El invisible ó Los bandidos de Toledo
Resto del título : novela original /
Mención de responsabilidad, etc. por el Vizconde de San Javier.
260 ## - PUBLICACIÓN, DISTRIBUCIÓN, ETC.
Lugar de publicación, distribución, etc. Madrid :
Nombre del editor, distribuidor, etc. Urbano Manini, editor,
Fecha de publicación, distribución, etc. [s.a.] (
Fabricante Imprenta de Diego Valero)
300 ## - DESCRIPCIÓN FÍSICA
Extensión 272 p. ;
Dimensiones 18 cm.
594 ## - Nota al título y mención de responsabilidad
Nota al título y mención de responsabilidad Encabezamiento tomado de la BN.
596 ## - NOTA AL PIE DE IMPRENTA
NOTA AL PIE DE IMPRENTA Urbano Manini ejerce ca. 1869-1878.
740 41 - ENTRADA AGREGADA--TÍTULO RELACIONADO/ANALÍTICO NO CONTROLADO
Título relacionado o analítico no controlado Los bandidos de Toledo.
852 ## - LOCALIZACIÓN
Ubicación ES-MaACL
Número de control de estantería G-10729(1)
Nota libre -- Enc. hol.
-- -- Ex-libris ms. de Gustavo Saenz Diez, 1877
condición física -- Falto de la cub. original
Holdings
Estatus retirado Estado de pérdida Estado de daño No para préstamo Biblioteca de origen Biblioteca actual Ubicación en estantería Fecha de adquisición Fuente de adquisición Total de préstamos Signatura topográfica completa Código de barras Visto por última vez Precio de reemplazo Tipo de ítem Koha
        Biblioteca del Ateneo de Madrid Biblioteca del Ateneo de Madrid Sala Pecera Planta 3 17/01/2008     G-10729(1) 1167929 23/02/2023 23/02/2023 Libro impreso